| 000 | 00406nam a2200181Ia 4500 | ||
|---|---|---|---|
| 005 | 20240823062600.0 | ||
| 008 | 240823s9999||||xx |||||||||||||| ||und|| | ||
| 041 | _aENGLISH | ||
| 082 | _A380.1 N5 | ||
| 100 | _a"Cannon,Tom" | ||
| 245 | 0 | _aBasic Marketing | |
| 250 | _a3rd | ||
| 260 | _b"A.I.t.B.S., " | ||
| 500 | _aYES | ||
| 650 |
_aManagement _bManagement Studies |
||
| 942 | _cBK | ||
| 999 |
_c236221 _d236221 |
||